| Tag |
First Indicator |
Second Indicator |
Subfields |
| LEADER |
00000cam a2200000 a 4500 |
| 001 |
in00000070475 |
| 005 |
20151008061752.0 |
| 008 |
771208s1973 miu b 00110 engm |
| 010 |
|
|
|a 77372126
|
| 035 |
|
|
|a (OCoLC)03607014
|
| 035 |
|
|
|9 AAJ8778AM
|
| 040 |
|
|
|a DLC
|c DLC
|d TXA
|d UtOrBLW
|
| 043 |
|
|
|a a-cc---
|
| 049 |
|
|
|a TXAM
|c [800194]
|
| 050 |
0 |
0 |
|a Z3108.A4
|b N37
|
| 100 |
1 |
|
|a Nathan, Andrew J.
|q (Andrew James)
|
| 245 |
1 |
0 |
|a Modern China, 1840-1972 :
|b an introduction to sources and research aids /
|c Andrew J. Nathan.
|
| 264 |
|
1 |
|a Ann Arbor :
|b University of Michigan, Center for Chinese Studies,
|c 1973.
|
| 300 |
|
|
|a vi, 95 pages ;
|c 23 cm.
|
| 336 |
|
|
|a text
|b txt
|2 rdacontent
|
| 337 |
|
|
|a unmediated
|b n
|2 rdamedia
|
| 338 |
|
|
|a volume
|b nc
|2 rdacarrier
|
| 490 |
1 |
|
|a Michigan papers in Chinese studies ;
|v no. 14
|
| 504 |
|
|
|a Includes bibliographical references and indexes.
|
| 651 |
|
0 |
|a China
|x History
|y 19th century
|x Library resources.
|
| 651 |
|
0 |
|a China
|x History
|y Boxer Rebellion, 1899-1901
|x Library resources.
|
| 651 |
|
0 |
|a China
|x Library resources.
|
| 830 |
|
0 |
|a Michigan monographs in Chinese studies ;
|v 14.
|
| 999 |
|
|
|a MARS
|
| 999 |
f |
f |
|s bcd81509-d134-3caf-80ec-8604e8c8fd9f
|i 31cb0ca8-b424-30cf-ae7f-09fc384f7a3c
|t 0
|
| 952 |
f |
f |
|p ric
|a Texas A&M University
|b Rellis Campus
|c Joint Library Facility
|d Remote Storage
|t 0
|e Z3108.A4 N37
|h Library of Congress classification
|i unmediated -- volume
|m A14806264382
|
| 998 |
f |
f |
|a Z3108.A4 N37
|t 0
|l Remote Storage
|